000 05092cam a22018254i 4500
003 PE-LiUPU
005 20250813165518.0
008 180601s2015 cl a grb 000 0 spa d
020 _a9561414961
020 _a9789561414969
035 _a(Sirsi) a242156
040 _aPE-LiUPU
_bspa
_cPE-LiUPU
_erda
049 _aPRUA
082 0 4 _a618.920025
_bM2
_223
245 0 0 _aManual de urgencias pediátricas /
_cIda Concha, Tamara Hirsch editoras.
264 1 _aSantiago :
_bPontificia Universidad Católica de Chile,
_c2015.
300 _a392 páginas :
_bilustraciones ;
_c25 centímetros.
336 _atext
_2rdacontent
337 _aunmediated
_2rdamedia
338 _avolume
_2rdacarrier
490 0 _aTextos universitarios
504 _aBibliografía al final de cada capítulo.
505 0 _aReanimación cardiopulmonar -- Schok y síndrome de séptico -- Sedación y analgesia -- Trauma leve de cráneo -- Síndrome convulsivo -- Compromiso de conciencia -- Cefalea en niños -- Bronquiolitis - Crisis de asma bronquial --Laringitis obstructiva -- Neumonía -- Meningitis viral y bacteriana -- Fiebre y su tratamiento sintomático -- Síndrome febril agudo sin foco -- Faringoamigdalitis aguda -- Infecciones osteoarticulares -- Infecciones de piel y partes blandas -- Mordeduras de mamíferos a humanos -- Dolor abdominal y abdominal y abdomen agudo -- Reacciones algébrica y anafilaxia -- Ingesta y aspiración de cuerpo extraño -- Intoxicaciones -- Aumento de volumen cervical -- Escroto agudo -- Cetoacidosis diabética -- Síndrome purpúrico -- Maltrato infantil -- Síndrome infantil -- Síndrome edematoso -- Síndrome Emético -- Síndrome diarreico agudo -- Aumento de volumen palpebral -- Llanto excesivo en el lactante -- Infección urinaria -- Consultas del recién nacido en servicios de urgencias -- Procedimientos básicos en urgencias.
526 _aP203
526 _aP200
526 _aSEG65
526 _aSEG64
526 _aSEG63
526 _aSEG62
526 _aSEG61
526 _aSEG60
526 _aSEG59
526 _aSEG58
526 _aSEG57
526 _aSEG56
526 _aSEG55
526 _aSEG54
526 _aSEG53
526 _aSEG52
526 _aSEG51
526 _aSEG50
526 _aSEG49
526 _aSEG48
526 _aSEG47
526 _aSEG46
526 _aSEG24
526 _aSEG23
526 _aSEG22
526 _aSEG21
526 _aSEG20
526 _aSEG19
526 _aSEG18
526 _aSEG17
526 _aSEG16
526 _aSEG14
526 _aSEG13
526 _aSEG12
526 _aSEG11
526 _aSEG10
526 _aSEG09
526 _aSEG06
526 _aSEG05
526 _aSEG04
526 _aSEG03
526 _aSEG02
526 _aSEG68
526 _aSEG66
526 _aSEG45
526 _aSEG25
526 _aSEG01
526 _aP163
526 _aP162
526 _aP161
526 _aP160
526 _aP159
526 _aP158
526 _aP157
526 _aP156
526 _aP155
526 _aP154
526 _aP153
526 _aP152
526 _aP151
526 _aP150
526 _aP149
526 _aP142
526 _aP141
526 _aP140
526 _aP139
526 _aP138
526 _aP137
526 _aP132
526 _aP131
526 _aP130
526 _aP126
526 _aP125
526 _aP124
526 _aP123
526 _aP115
526 _aP122
526 _aP121
526 _aP116
526 _a P114
526 _aP112
526 _aP111
526 _aP104
526 _aP103
526 _aP102
526 _aP101
526 _aP100
526 _aP96
526 _aP95
526 _aP93
526 _aP92
526 _aP91
526 _aP88
526 _aP83
526 _aP82
526 _aP79
526 _aP78
526 _aP75
526 _aP74
526 _aP71
526 _aP69
526 _a P51
526 _aP49
526 _aP48
526 _aP47
526 _aP33
526 _aP31
526 _a P30
526 _aP29
526 _aP27
526 _aP26
526 _aP25
526 _aP24
526 _a P22
526 _aP10
526 _aP09
526 _a P08
526 _aP06
526 _aP05
526 _aP04
526 _aP01
541 _gF002-00000056;
650 4 _aCuidados críticos
_xEn lactancia y niñez
_vManuales.
650 4 _aCritical care
_xIn lactation and childhood
_vManuals.
700 1 _aConcha Murray, Ida,
_eeditor.
700 1 _aHirsch Birn, Tamara,
_eeditor.
910 _adbm
_bjpc
_cjpc
_d20180601
942 _2ddc
_cBOOK
994 _aC0
_bPEPRU
596 _a1
999 _a618.920025 M2
_wDEWEY
_c27656
_i78767
_d27656
_e2018-8-19
_f2021-11-4
_g4
_lCCODEBUL1
_mBUL
_n2
_p21.00
_r0
_sY
_tBOOK
_u2018-6-1
_xSALUD
_PP22
_0COMPRA
_1FCOMPRA
_o.STAFF. Colección Ciencias de la Salud
980 _81
_gALBERTO SANCHEZ Responsable de Automatización